[Event "Perth Major 2019"]
[Site "Perth SCO"]
[Date "2019.02.10"]
[Round "4"]
[White "Bishop, Lee"]
[Black "Sawaryn, Steve"]
[Result "1/2-1/2"]
[WhiteElo "1180"]
[BlackElo "1422"]
[PlyCount "99"]
[EventDate "2019.02.08"]

1. e4 c5 2. Nf3 d6 3. d4 cxd4 4. Nxd4 Nf6 5. Nc3 a6 6. Bd3 e5 7. Nb3 Nc6 8. h3
Be6 9. Be3 Be7 10. Qe2 Nb4 11. a3 Nxd3+ 12. Qxd3 d5 13. Bc5 d4 14. Bxe7 Qxe7
15. Ne2 O-O 16. O-O Rac8 17. Rac1 Bc4 18. Qd1 Nxe4 19. Nd2 Nxd2 20. Qxd2 Rfd8
21. Rfe1 f6 22. Ng3 Bd5 23. Qxd4 Bxg2 24. Qg4 Bd5 25. Red1 Be6 26. Nf5 Bxf5 27.
Qxf5 g6 28. Qg4 f5 29. Qf3 Kg7 30. Rxd8 Rxd8 31. Rd1 Rxd1+ 32. Qxd1 Kf6 33. Qd5
f4 34. Kg2 Qc7 35. Qd3 Qc6+ 36. f3 Ke6 37. b4 b5 38. h4 Qd5 39. Qc3 Qc4 40.
Qxc4+ bxc4 41. c3 Kd5 42. a4 h6 43. Kh3 e4 44. fxe4+ Kxe4 45. Kg2 g5 46. hxg5
hxg5 47. a5 Kd5 48. Kf3 Kc6 49. Ke4 Kd6 50. Kf3 1/2-1/2

[Event "Perth Major 2019"]
[Site "Perth SCO"]
[Date "2019.02.10"]
[Round "4"]
[White "Flood, Raymond"]
[Black "Banarjee, Subhayu"]
[Result "0-1"]
[WhiteElo "1649"]
[BlackElo "1403"]
[PlyCount "78"]
[EventDate "2019.02.08"]

1. e4 c5 2. Nc3 d6 3. f4 Nf6 4. Nf3 Nc6 5. Bc4 e6 6. d3 a6 7. a4 Be7 8. O-O O-O
9. Qe1 b6 10. e5 Ne8 11. exd6 Nxd6 12. Ba2 b5 13. Ne4 Nb4 14. Rf2 Nf5 15. Bb3
Bd7 16. Be3 Qc7 17. Ne5 bxa4 18. Nxd7 axb3 19. Nxf8 Nxc2 20. Rxc2 bxc2 21. Nxe6
fxe6 22. Rc1 Nd4 23. Qf2 Rf8 24. Nxc5 Bxc5 25. Bxd4 Rxf4 26. Bxc5 Rxf2 27. Bxf2
Qc6 28. Be3 Qa4 29. Bd2 Qb3 30. Bc3 Qd5 31. Rxc2 Qxd3 32. Rd2 Qe3+ 33. Kf1 e5
34. Re2 Qf4+ 35. Kg1 e4 36. Rf2 Qc1+ 37. Rf1 Qc2 38. Bd4 Qd2 39. Bc5 h6 0-1

[Event "Perth Major 2019"]
[Site "Perth SCO"]
[Date "2019.02.10"]
[Round "4"]
[White "Doris, Peter"]
[Black "Wilson, Graham"]
[Result "0-1"]
[WhiteElo "1477"]
[BlackElo "1362"]
[PlyCount "75"]
[EventDate "2019.02.08"]

1. d4 Nf6 2. Bf4 e6 3. Nd2 c5 4. e3 Nc6 5. c3 d5 6. Bd3 Bd6 7. Bg3 e5 8. dxe5
Nxe5 9. Bb5+ Bd7 10. Be2 Bf5 11. Ngf3 Nc6 12. Bh4 Be7 13. Bb5 a6 14. Bxc6+ bxc6
15. Ne5 Qd6 16. Bg3 Qe6 17. Qa4 O-O 18. Qxc6 Rac8 19. Qxe6 Bxe6 20. Ndf3 Ne4
21. O-O-O f6 22. Nd3 g5 23. Nd2 Nxg3 24. hxg3 c4 25. Ne1 Rb8 26. Ndf3 Bf7 27.
Nd4 Bc5 28. Nf5 Kh8 29. Rh6 Be6 30. g4 Bxf5 31. gxf5 Kg7 32. Rh5 Rfd8 33. Nf3
Rd7 34. g4 h6 35. Rdh1 Rh8 36. Nd4 Bxd4 37. exd4 Re7 38. Rxh6 0-1

[Event "Perth Major 2019"]
[Site "Perth SCO"]
[Date "2019.02.10"]
[Round "4"]
[White "Birkett, Callum"]
[Black "McRobert, George R"]
[Result "1-0"]
[WhiteElo "1742"]
[BlackElo "1373"]
[PlyCount "61"]
[EventDate "2019.02.08"]

1. e4 c6 2. d4 d5 3. e5 Bf5 4. Ne2 e6 5. Ng3 Bg6 6. Nd2 c5 7. Bb5+ Nd7 8. dxc5
Bxc5 9. Nb3 Bb6 10. O-O Ne7 11. Bg5 O-O 12. Bxd7 Qxd7 13. h4 h6 14. Bd2 Rac8
15. c3 Nf5 16. Nxf5 Bxf5 17. Be3 Bxe3 18. fxe3 a6 19. Rf4 Qe7 20. Nd4 Be4 21.
Qg4 Kh7 22. Raf1 Bg6 23. R1f3 h5 24. Qh3 Be4 25. Rg3 Bg6 26. Rg5 f6 27. exf6
Rxf6 28. Rxf6 Qxf6 29. Nxe6 Re8 30. Nf4 Be4 31. Nxh5 1-0

[Event "Perth Major 2019"]
[Site "Perth SCO"]
[Date "2019.02.10"]
[Round "4"]
[White "Ramazanov, Vagif"]
[Black "Macgilchrist, Siegrun"]
[Result "1-0"]
[WhiteElo "1308"]
[BlackElo "1607"]
[PlyCount "111"]
[EventDate "2019.02.08"]

1. e4 c6 2. d4 d5 3. Nc3 dxe4 4. Nxe4 Bf5 5. Ng3 Bg6 6. Nf3 Nd7 7. Bc4 e6 8.
O-O Ngf6 9. Re1 Bd6 10. Bg5 Qc7 11. Bxf6 gxf6 12. Ne4 Bxe4 13. Rxe4 f5 14. Re1
O-O-O 15. Qe2 Nb6 16. Bb3 Nd5 17. g3 f4 18. c4 Nf6 19. c5 Bf8 20. Qe5 Qxe5 21.
Nxe5 Rxd4 22. Nxf7 Rg8 23. Bxe6+ Kc7 24. Rac1 fxg3 25. hxg3 Rg7 26. a3 a5 27.
Nh6 Rg6 28. Nf5 Rd2 29. b4 axb4 30. axb4 Nd5 31. Bxd5 Rxd5 32. Ne7 Bxe7 33.
Rxe7+ Rd7 34. Rxd7+ Kxd7 35. Rd1+ Ke7 36. Rd4 h5 37. Rh4 Rg4 38. Rxg4 hxg4 39.
f3 gxf3 40. Kf2 Ke6 41. g4 Kf6 42. Kxf3 Kg5 43. Kg3 Kg6 44. Kf4 Kf6 45. g5+ Ke6
46. Ke4 Kf7 47. Ke5 Kg6 48. Kd6 Kxg5 49. Kc7 Kf6 50. Kxb7 Ke7 51. Kxc6 Kd8 52.
Kd6 Kc8 53. c6 Kd8 54. c7+ Kc8 55. b5 Kb7 56. Kd7 1-0

[Event "Perth Major 2019"]
[Site "Perth SCO"]
[Date "2019.02.10"]
[Round "4"]
[White "Dutta, Nandini"]
[Black "Washington, Ian"]
[Result "0-1"]
[WhiteElo "1240"]
[BlackElo "1434"]
[PlyCount "106"]
[EventDate "2019.02.08"]

1. d4 b5 2. d5 b4 3. c3 a5 4. e4 Bb7 5. Be3 Nf6 6. Nd2 e6 7. c4 d6 8. Bd3 Nbd7
9. Bc2 exd5 10. cxd5 g6 11. Ngf3 Bg7 12. Nd4 O-O 13. O-O Ba6 14. Re1 Ne5 15.
N2f3 Nfd7 16. Nxe5 Nxe5 17. b3 Qd7 18. Rc1 c5 19. dxc6 Nxc6 20. Nxc6 Qxc6 21.
Bd3 Qb7 22. Bxa6 Qxa6 23. Bd4 Be5 24. Qd2 Rac8 25. Qb2 Rfe8 26. Bxe5 Rxc1 27.
Rxc1 dxe5 28. Qd2 Qb7 29. Qd3 Rc8 30. Rxc8+ Qxc8 31. Kf1 Qc1+ 32. Ke2 Qb2+ 33.
Qd2 Qb1 34. Kf3 Kg7 35. Ke3 Qh1 36. Kf3 Qxh2 37. g3 Qh5+ 38. Kg2 Qg4 39. f3 Qe6
40. Qd5 Qxd5 41. exd5 f5 42. Kf2 Kf6 43. Ke3 h5 44. f4 exf4+ 45. gxf4 Ke7 46.
Kd4 Kd6 47. Ke3 Kxd5 48. Kd3 h4 49. Ke3 h3 50. Kf3 h2 51. Kg2 h1=Q+ 52. Kxh1
Ke4 53. Kg2 Kxf4 0-1

[Event "Perth Major 2019"]
[Site "Perth SCO"]
[Date "2019.02.10"]
[Round "4"]
[White "Noble, Raymond"]
[Black "Wilson, Donald"]
[Result "1-0"]
[WhiteElo "1482"]
[BlackElo "1420"]
[PlyCount "65"]
[EventDate "2019.02.08"]

1. e4 c5 2. Nc3 d6 3. g3 Nc6 4. Bg2 e5 5. d3 Nf6 6. Nh3 Be7 7. O-O a6 8. f4 Bd7
9. a4 Bxh3 10. Bxh3 O-O 11. f5 b5 12. axb5 axb5 13. Rxa8 Qxa8 14. Nxb5 Qa5 15.
Nc3 Nb4 16. Bd2 Qa7 17. Be3 Ra8 18. Nb5 Qa2 19. c3 Na6 20. Bc1 Qa5 21. Na3 Nd7
22. g4 f6 23. Bg2 Nc7 24. h4 Rf8 25. g5 fxg5 26. hxg5 Bd8 27. Qg4 Qa4 28. f6 g6
29. Bf3 Rf7 30. Bd1 Qa7 31. Kg2 Qb7 32. Nc4 Ne8 33. Qe6 1-0

[Event "Perth Major 2019"]
[Site "Perth SCO"]
[Date "2019.02.10"]
[Round "5"]
[White "Monaghan, Mark"]
[Black "Watson-McFie, Joseph"]
[Result "1/2-1/2"]
[WhiteElo "1697"]
[BlackElo "1600"]
[PlyCount "52"]
[EventDate "2019.02.08"]

1. d4 d5 2. c4 e5 3. e3 exd4 4. exd4 Bb4+ 5. Nc3 Qe7+ 6. Be3 Bxc3+ 7. bxc3 Nf6
8. Nf3 O-O 9. Be2 Re8 10. Ne5 Nbd7 11. Nxd7 Bxd7 12. O-O Ne4 13. Bd3 Bf5 14.
Rc1 dxc4 15. Bxc4 Nd6 16. Bd3 b5 17. Bf4 Bxd3 18. Qxd3 Qe2 19. Qb1 Qc4 20. Be5
f6 21. Bxd6 cxd6 22. Rfe1 Rxe1+ 23. Rxe1 Qxc3 24. Qe4 Rf8 25. Qe6+ Kh8 26. Qe7
Kg8 1/2-1/2

[Event "Perth Major 2019"]
[Site "Perth SCO"]
[Date "2019.02.10"]
[Round "5"]
[White "Robertson, Jim"]
[Black "Barron-Majerik, Jan"]
[Result "0-1"]
[WhiteElo "1595"]
[BlackElo "1629"]
[PlyCount "84"]
[EventDate "2019.02.08"]

1. d4 c6 2. e4 d5 3. exd5 cxd5 4. Bd3 Nc6 5. c3 Nf6 6. f4 Bg4 7. Nf3 e6 8. O-O
Bd6 9. Qe1 O-O 10. Ne5 Bf5 11. Rf3 Bxd3 12. Rxd3 Ne4 13. Nd2 f5 14. g4 Nxe5 15.
fxe5 Be7 16. gxf5 Bh4 17. Qe2 Nf2 18. Rf3 Qg5+ 19. Kf1 Ng4 20. f6 gxf6 21. Ne4
Qg6 22. Nxf6+ Nxf6 23. exf6 Rxf6 24. Rxf6 Qxf6+ 25. Kg1 Kh8 26. Be3 Rf8 27. Rf1
Qg6+ 28. Qg2 Rxf1+ 29. Kxf1 Qb1+ 30. Ke2 Qxb2+ 31. Bd2 Qb5+ 32. Kd1 Qb1+ 33.
Ke2 Qf5 34. Kd1 h5 35. Qe2 a6 36. c4 Qg4 37. c5 Kg7 38. Be3 Kg6 39. Kd2 Qxe2+
40. Kxe2 Kf5 41. h3 Ke4 42. Bg1 Bf6 0-1

[Event "Perth Major 2019"]
[Site "Perth SCO"]
[Date "2019.02.10"]
[Round "5"]
[White "Harvey, Steven David"]
[Black "Burke, David"]
[Result "1-0"]
[WhiteElo "1728"]
[BlackElo "1570"]
[PlyCount "59"]
[EventDate "2019.02.08"]

1. e4 c5 2. Nf3 d6 3. c3 e6 4. d3 Nc6 5. g3 Be7 6. Bg2 Qc7 7. Nbd2 Nf6 8. O-O
O-O 9. Re1 e5 10. Nf1 d5 11. exd5 Nxd5 12. Nxe5 Nxe5 13. Bxd5 Rd8 14. Ne3 Ng6
15. Bg2 Be6 16. c4 Rd7 17. Nd5 Bxd5 18. Bxd5 Rad8 19. Bd2 Bf8 20. Bc3 Ne7 21.
Be5 Qb6 22. Bg2 Rxd3 23. Qg4 Ng6 24. Bc3 Qc7 25. h4 R3d7 26. h5 Ne7 27. Re3 Qd6
28. Rae1 f6 29. Re6 f5 30. Qe2 1-0

[Event "Perth Major 2019"]
[Site "Perth SCO"]
[Date "2019.02.10"]
[Round "5"]
[White "Kante, Kalyan Sai Nandan"]
[Black "Whittaker, Ian"]
[Result "1/2-1/2"]
[WhiteElo "1511"]
[BlackElo "1600"]
[PlyCount "115"]
[EventDate "2019.02.08"]

1. e4 d6 2. d4 Nf6 3. Nc3 g6 4. Be2 c6 5. Be3 Bg7 6. h3 Na6 7. Qd2 Nc7 8. Nf3
b5 9. Bd3 Bb7 10. O-O O-O 11. Bh6 Qd7 12. Bxg7 Kxg7 13. a4 b4 14. Ne2 a5 15.
Ng3 Ne6 16. Rfe1 Ba6 17. c3 Bxd3 18. Qxd3 Rfe8 19. Qd2 h6 20. h4 c5 21. h5 Rad8
22. Nh2 cxd4 23. cxd4 Qb7 24. f4 d5 25. f5 Ng5 26. fxg6 fxg6 27. hxg6 dxe4 28.
Nf5+ Kxg6 29. Nh4+ Kh7 30. Qf4 Qd5 31. Rad1 Rg8 32. Re3 Ne6 33. Qf5+ Qxf5 34.
Nxf5 Rd7 35. Rh3 Rg6 36. d5 Nf4 37. Re3 Nxg2 38. Rg3 Rxg3 39. Nxg3 Ne3 40. Rd4
Rxd5 41. Rxd5 Nfxd5 42. Nxe4 Nb6 43. b3 Nc2 44. Nf3 Nd7 45. Kf2 Kg6 46. Ned2 e5
47. Nc4 e4 48. Nh4+ Kg5 49. Ng2 Nc5 50. Nxa5 Nd4 51. Ke3 Ndxb3 52. Nc6 Nxa4 53.
Nxb4 Nc3 54. Nc6 h5 55. Ne5 h4 56. Nf7+ Kg4 57. Nxh4 Kxh4 58. Nd6 1/2-1/2

[Event "Perth Major 2019"]
[Site "Perth SCO"]
[Date "2019.02.10"]
[Round "5"]
[White "Fay, Craig"]
[Black "Le, Feuvre Gwenole"]
[Result "0-1"]
[WhiteElo "1350"]
[BlackElo "1595"]
[PlyCount "47"]
[EventDate "2019.02.08"]

1. d4 Nf6 2. c4 g6 3. Bg5 Bg7 4. Nf3 O-O 5. Nc3 d6 6. e3 Nbd7 7. Bd3 e5 8. Qc2
c6 9. h4 exd4 10. Nxd4 Nc5 11. h5 Nxd3+ 12. Qxd3 Qa5 13. Bxf6 Bxf6 14. hxg6
hxg6 15. O-O-O d5 16. Ne4 dxe4 17. Qxe4 Qxa2 18. Qf4 Bg7 19. Qh4 Re8 20. b3 Bf5
21. g4 Bxd4 22. Qh7+ Kf8 23. Qh6+ Bg7 24. gxf5 0-1

[Event "Perth Major 2019"]
[Site "Perth SCO"]
[Date "2019.02.10"]
[Round "5"]
[White "Dowling, Richard"]
[Black "McKay, Jonathan"]
[Result "0-1"]
[WhiteElo "1596"]
[BlackElo "1540"]
[PlyCount "80"]
[EventDate "2019.02.08"]

1. e4 d6 2. d4 Nf6 3. Nc3 g6 4. f3 Bg7 5. Be3 c6 6. Bc4 b5 7. Bb3 Nbd7 8. Qd2
Bb7 9. Bh6 Bxh6 10. Qxh6 b4 11. Nce2 c5 12. Rd1 Qb6 13. Nh3 cxd4 14. Nxd4 Nc5
15. Bc4 Ba6 16. Bxa6 Qxa6 17. b3 O-O-O 18. Qd2 Qb6 19. c3 Nfxe4 20. fxe4 Nxe4
21. Qd3 Nxc3 22. Rc1 Kb8 23. a3 e5 24. Nc2 e4 25. Qd2 e3 26. Qd3 a5 27. axb4
Na2 28. Ra1 Nxb4 29. Nxb4 Qxb4+ 30. Ke2 Rhe8 31. Rhc1 Qg4+ 32. Ke1 Re5 33. Qe2
Qb4+ 34. Kf1 d5 35. Ra4 Qb6 36. Kg1 g5 37. Rca1 d4 38. b4 d3 39. bxa5 dxe2 40.
Nf2 exf2+ 0-1

[Event "Perth Major 2019"]
[Site "Perth SCO"]
[Date "2019.02.10"]
[Round "5"]
[White "McRobert, Michael"]
[Black "Morrison, Gwilym"]
[Result "1-0"]
[WhiteElo "1469"]
[BlackElo "1624"]
[PlyCount "109"]
[EventDate "2019.02.08"]

1. e4 e6 2. d4 d5 3. e5 c5 4. c3 Nc6 5. Nf3 Bd7 6. a3 f6 7. b4 cxd4 8. cxd4
fxe5 9. Nxe5 Nxe5 10. dxe5 Qc7 11. f4 O-O-O 12. Be3 Kb8 13. Qd4 b6 14. Nc3 Ne7
15. Nb5 Bxb5 16. Bxb5 Nf5 17. Qd3 Nxe3 18. Qxe3 d4 19. Qd2 g5 20. Rc1 Qg7 21.
g3 gxf4 22. gxf4 Be7 23. Ba6 Bh4+ 24. Kd1 Qd7 25. Qc2 Qd5 26. Qc7+ Ka8 27. Qc6+
Qxc6 28. Rxc6 Rhf8 29. Rf1 Bg5 30. Rxe6 Rxf4 31. Rxf4 Bxf4 32. h3 Kb8 33. Re7
d3 34. e6 d2 35. Rb7+ Ka8 36. Rxh7 Rg8 37. Rd7 Rg1+ 38. Ke2 Re1+ 39. Kf3 d1=Q+
40. Rxd1 Rxd1 41. Kxf4 Kb8 42. Kf5 Kc7 43. Kf6 Kd6 44. Kf7 Re1 45. Bc8 Rf1+ 46.
Ke8 Rh1 47. Kd8 Re1 48. h4 Re5 49. h5 Rxh5 50. e7 Rh8+ 51. e8=Q Rxe8+ 52. Kxe8
a5 53. Kd8 axb4 54. axb4 b5 55. Bd7 1-0

[Event "Perth Major 2019"]
[Site "Perth SCO"]
[Date "2019.02.10"]
[Round "5"]
[White "McDade, James"]
[Black "Sutherland, Andrew"]
[Result "1/2-1/2"]
[WhiteElo "1442"]
[BlackElo "1537"]
[PlyCount "61"]
[EventDate "2019.02.08"]

1. d4 e6 2. e4 d5 3. Nc3 Bb4 4. a3 Bxc3+ 5. bxc3 dxe4 6. f3 Nd7 7. g3 Ngf6 8.
Bg2 exf3 9. Nxf3 c5 10. O-O O-O 11. Bg5 Qa5 12. Qd3 cxd4 13. cxd4 b6 14. Bxf6
Nxf6 15. Ne5 Ba6 16. c4 Rac8 17. Rac1 Qa4 18. Qe3 Bxc4 19. Bc6 Rxc6 20. Rxf6
gxf6 21. Nd7 Rd8 22. Nxf6+ Kf8 23. Qh6+ Ke7 24. Qg5 Qa5 25. d5 exd5 26. Nxd5+
Kd7 27. Qf5+ Kd6 28. Qf6+ Kxd5 29. Qxd8+ Kc5 30. Qg5+ Kd6 31. Qd8+ 1/2-1/2

[Event "Perth Major 2019"]
[Site "Perth SCO"]
[Date "2019.02.10"]
[Round "5"]
[White "Gibb, Robert A"]
[Black "Sandham, Alasdair"]
[Result "1-0"]
[WhiteElo "1478"]
[BlackElo "1348"]
[PlyCount "75"]
[EventDate "2019.02.08"]

1. d4 d5 2. c4 e6 3. cxd5 exd5 4. Nf3 Nf6 5. Bg5 Be7 6. e3 O-O 7. Bd3 Bg4 8. h3
Bxf3 9. Qxf3 c6 10. O-O Nbd7 11. Nc3 Re8 12. Qe2 Ne4 13. Bxe7 Qxe7 14. Nxe4
dxe4 15. Bc4 b5 16. Bb3 a6 17. a4 Nf6 18. Rfc1 Rec8 19. axb5 cxb5 20. Rxc8+
Rxc8 21. Rxa6 Qb7 22. Ra1 Nd5 23. Qd2 Ra8 24. Rxa8+ Qxa8 25. Bxd5 Qxd5 26. Qc2
g6 27. Qc5 Qd7 28. d5 f5 29. Qc6 Qd8 30. Qxb5 Kf7 31. b4 Ke7 32. Qc6 Qd6 33. b5
Qd7 34. b6 Kd8 35. b7 Qc7 36. Qa6 Qb8 37. Qa8 Kc7 38. d6+ 1-0

[Event "Perth Major 2019"]
[Site "Perth SCO"]
[Date "2019.02.10"]
[Round "5"]
[White "Rutherford, Kathleen"]
[Black "Kerridge, Simon"]
[Result "1-0"]
[WhiteElo "1683"]
[BlackElo "1494"]
[PlyCount "45"]
[EventDate "2019.02.08"]

1. e4 b6 2. d4 Bb7 3. Nc3 e6 4. Nf3 Bb4 5. Bd3 Nf6 6. e5 Ne4 7. Bxe4 Bxe4 8.
O-O Bb7 9. Qd3 Be7 10. Ne4 Bxe4 11. Qxe4 Na6 12. Qg4 Rg8 13. a4 Nb4 14. Qe4 h6
15. Bd2 a5 16. Rfd1 f5 17. exf6 Bxf6 18. Bxb4 axb4 19. d5 Qe7 20. dxe6 Rd8 21.
exd7+ Rxd7 22. Rxd7 Kxd7 23. Qd5+ 1-0

[Event "Perth Major 2019"]
[Site "Perth SCO"]
[Date "2019.02.10"]
[Round "5"]
[White "Madhavan, Sanjith"]
[Black "Hall, David G"]
[Result "0-1"]
[WhiteElo "1427"]
[BlackElo "1706"]
[PlyCount "84"]
[EventDate "2019.02.08"]

1. e4 g6 2. d4 Bg7 3. Nf3 c6 4. c4 d5 5. cxd5 cxd5 6. e5 Bg4 7. h3 Bxf3 8. Qxf3
e6 9. Nc3 Nc6 10. Be3 Nge7 11. a3 O-O 12. Bd3 Nxe5 13. dxe5 d4 14. Bd2 dxc3 15.
Bxc3 Nc6 16. Qe4 Nxe5 17. Bxe5 Bxe5 18. Qe2 Bxb2 19. Qxb2 Qxd3 20. Rd1 Qe4+ 21.
Kf1 Rac8 22. f3 Qc2 23. Qxc2 Rxc2 24. Rb1 Rfc8 25. Kg1 Ra2 26. Rxb7 Rxa3 27.
Kh2 Rc2 28. h4 Raa2 29. Rg1 a5 30. Kh3 h5 31. Rbb1 a4 32. Ra1 Rxg2 33. Rxa2
Rxa2 34. Kg3 Kg7 35. Kf4 Kf6 36. Rb1 a3 37. Rb3 Ra1 38. Rc3 a2 39. Ra3 e5+ 40.
Ke4 Re1+ 41. Kd3 a1=Q 42. Rxa1 Rxa1 0-1

[Event "Perth Major 2019"]
[Site "Perth SCO"]
[Date "2019.02.10"]
[Round "5"]
[White "Banarjee, Subhayu"]
[Black "Clinton, William"]
[Result "1-0"]
[WhiteElo "1403"]
[BlackElo "1682"]
[PlyCount "51"]
[EventDate "2019.02.08"]

1. e4 d5 2. exd5 Nf6 3. Nf3 Bg4 4. Be2 Qxd5 5. c4 Qf5 6. Nc3 Nc6 7. d4 e6 8. h3
Bxf3 9. Bxf3 Nb4 10. Bxb7 Nc2+ 11. Kf1 Nxa1 12. Bxa8 Nc2 13. g4 Qg6 14. g5 Nb4
15. gxf6 Qxf6 16. a3 Be7 17. axb4 O-O 18. Bc6 Bxb4 19. Rg1 Qh4 20. Qg4 Qf6 21.
Bg5 Qg6 22. Be4 f5 23. Qe2 fxe4 24. Be7 Qxg1+ 25. Kxg1 Bxe7 26. Nxe4 1-0

[Event "Perth Major 2019"]
[Site "Perth SCO"]
[Date "2019.02.10"]
[Round "5"]
[White "Aitchison, A Keith"]
[Black "Bishop, Lee"]
[Result "1-0"]
[WhiteElo "1667"]
[BlackElo "1180"]
[PlyCount "79"]
[EventDate "2019.02.08"]

1. e4 e6 2. d4 d5 3. Nc3 Bb4 4. Qg4 Bxc3+ 5. bxc3 Qf6 6. exd5 Ne7 7. Bb5+ c6 8.
dxc6 Nbxc6 9. Ba3 O-O 10. Bxc6 bxc6 11. Qf3 Qxf3 12. Nxf3 Re8 13. O-O Ba6 14.
Rfe1 Nd5 15. c4 Bxc4 16. Ne5 Ba6 17. Bc5 Rec8 18. Rab1 f6 19. Nf3 Re8 20. Rb3
Bc4 21. Rb7 Bxa2 22. Ra1 Bc4 23. Nd2 Nb6 24. Rbxa7 Rxa7 25. Rxa7 Nc8 26. Ra8
Bd5 27. c4 Bxc4 28. Nxc4 e5 29. Nb6 exd4 30. Rxc8 Rxc8 31. Nxc8 d3 32. Kf1 Kf7
33. Ke1 Ke6 34. Kd2 Kd5 35. Bb4 c5 36. Bc3 c4 37. Ne7+ Ke4 38. f3+ Kf4 39. Nd5+
Kf5 40. Ne3+ 1-0

[Event "Perth Major 2019"]
[Site "Perth SCO"]
[Date "2019.02.10"]
[Round "5"]
[White "Wilson, Graham"]
[Black "Larkin, John"]
[Result "0-1"]
[WhiteElo "1362"]
[BlackElo "1626"]
[PlyCount "130"]
[EventDate "2019.02.08"]

1. e4 e5 2. Nf3 Nf6 3. Nc3 Nc6 4. Bb5 Nd4 5. Bc4 Nxf3+ 6. Qxf3 d6 7. h3 Be7 8.
Nd5 Nxd5 9. Bxd5 O-O 10. d3 c6 11. Bb3 Kh8 12. Be3 f5 13. exf5 Bxf5 14. Qe2 d5
15. O-O-O a5 16. a4 b5 17. g4 Bg6 18. Rhf1 Qd6 19. c3 c5 20. c4 bxc4 21. dxc4
d4 22. Bc2 Qc6 23. Bxg6 hxg6 24. Bd2 Qxa4 25. Kb1 Bd6 26. Rc1 Qc6 27. f3 a4 28.
Qe4 Qxe4+ 29. fxe4 Kg8 30. Ka2 Rfb8 31. Rf3 Rb7 32. Ra3 Rf7 33. Rg1 Rf2 34. Bc1
Re2 35. Kb1 Rxe4 36. Kc2 Re2+ 37. Kd3 Rf2 38. Ke4 Kf7 39. b3 Ke6 40. bxa4 Rf7
41. Rd1 Rb7 42. Bd2 Bc7 43. a5 Ra6 44. Be1 Rba7 45. Rda1 Ra8 46. Bd2 Rf8 47.
Bg5 Bd8 48. Bxd8 Rxd8 49. Rb1 Rda8 50. Rba1 Rb8 51. Kd3 Rb4 52. Rc1 Rb2 53. Rc2
e4+ 54. Kd2 Rxc2+ 55. Kxc2 Ke5 56. Kd2 Kf4 57. Ke2 e3 58. Ra1 Ke4 59. Ra3 Kf4
60. Ra1 Ke4 61. Ra3 Rd6 62. Ra1 d3+ 63. Kd1 Ra6 64. Ke1 Kd4 65. Ra4 Kc3 0-1

[Event "Perth Major 2019"]
[Site "Perth SCO"]
[Date "2019.02.10"]
[Round "5"]
[White "Roth, Michael J"]
[Black "McMillan, Andrew"]
[Result "1/2-1/2"]
[WhiteElo "1551"]
[BlackElo "1393"]
[PlyCount "57"]
[EventDate "2019.02.08"]

1. Nf3 d5 2. d4 Nf6 3. c4 e6 4. Nc3 Be7 5. e3 O-O 6. Bd3 Nbd7 7. O-O b6 8. cxd5
exd5 9. e4 dxe4 10. Nxe4 Nd5 11. a3 N7f6 12. Qc2 h6 13. Ne5 Bb7 14. Be3 Bd6 15.
Rac1 Bxe5 16. dxe5 Nxe4 17. Bxe4 Nxe3 18. fxe3 Bxe4 19. Qxe4 c5 20. e6 fxe6 21.
Qxe6+ Kh8 22. Rfd1 Qg5 23. Rd5 Qh4 24. Rf5 Rxf5 25. Qxf5 Rd8 26. Rf1 Rd2 27.
Qf8+ Kh7 28. Qf5+ Kh8 29. Qf8+ 1/2-1/2

[Event "Perth Major 2019"]
[Site "Perth SCO"]
[Date "2019.02.10"]
[Round "5"]
[White "Harkins, William"]
[Black "Young, Colin"]
[Result "0-1"]
[WhiteElo "1438"]
[BlackElo "1360"]
[PlyCount "72"]
[EventDate "2019.02.08"]

1. d4 d5 2. Bf4 c6 3. e3 Bf5 4. Nd2 Nf6 5. Ngf3 e6 6. Bd3 Bxd3 7. cxd3 Nh5 8.
Bg3 Nd7 9. Ne5 Nhf6 10. O-O Be7 11. f4 O-O 12. f5 exf5 13. Rxf5 Bd6 14. Qe2 Qb6
15. Nxd7 Nxd7 16. Bxd6 Rfe8 17. Nb3 Re6 18. Be5 Rae8 19. Raf1 f6 20. Bg3 Rxe3
21. Qf2 Re2 22. Qf4 Rxb2 23. Re1 Rxe1+ 24. Bxe1 Rxa2 25. Nd2 Qd8 26. Qd6 Kf7
27. Rf3 Qe7 28. Qg3 Qb4 29. Qf2 Ra4 30. Rf4 Qc3 31. Qe3 g5 32. Nf3 gxf4 33.
Qxf4 Qa1 34. Qf5 Nf8 35. Ne5+ Ke7 36. Qf1 Qxd4+ 0-1

[Event "Perth Major 2019"]
[Site "Perth SCO"]
[Date "2019.02.10"]
[Round "5"]
[White "Maheshwari, Ritvik"]
[Black "Samson, Will J"]
[Result "0-1"]
[WhiteElo "1424"]
[BlackElo "1797"]
[PlyCount "72"]
[EventDate "2019.02.08"]

1. d4 Nf6 2. Nf3 e6 3. Bf4 Bb4+ 4. c3 Be7 5. Nbd2 c5 6. e3 Nc6 7. Bd3 b6 8. e4
Bb7 9. O-O cxd4 10. Nxd4 e5 11. Nf5 exf4 12. Nxg7+ Kf8 13. Nf5 Ne5 14. Bc2 d5
15. Re1 Rg8 16. Nxe7 Qxe7 17. exd5 Bxd5 18. Be4 Re8 19. Bxd5 Nxd5 20. Qh5 Qg5
21. Qxg5 Rxg5 22. Kh1 Nd3 23. Rxe8+ Kxe8 24. Ne4 Re5 25. f3 Nxb2 26. Rb1 Nc4
27. Rd1 Nce3 28. Rd2 Ke7 29. g3 fxg3 30. hxg3 Rh5+ 31. Kg1 f5 32. g4 fxg4 33.
fxg4 Nxg4 34. c4 Nde3 35. c5 bxc5 36. Nxc5 Rxc5 0-1

[Event "Perth Major 2019"]
[Site "Perth SCO"]
[Date "2019.02.10"]
[Round "5"]
[White "Hartman, James"]
[Black "Birkett, Callum"]
[Result "1-0"]
[WhiteElo "1376"]
[BlackElo "1742"]
[PlyCount "103"]
[EventDate "2019.02.08"]

1. d4 d5 2. Bf4 Bf5 3. e3 f6 4. c4 e6 5. Nc3 h5 6. h3 c6 7. Qb3 Qd7 8. cxd5
exd5 9. Nf3 b5 10. Be2 Bd6 11. Bxd6 Qxd6 12. Nh4 Bh7 13. Bxh5+ Kd8 14. Ng6 Bxg6
15. Bxg6 Ne7 16. Bd3 a6 17. Qc2 Nd7 18. a4 b4 19. Ne2 c5 20. b3 Rc8 21. Qa2 a5
22. Ng3 Nb6 23. Rc1 g6 24. dxc5 Rxc5 25. Rxc5 Qxc5 26. Qc2 Qc3+ 27. Qxc3 bxc3
28. Ne2 d4 29. Nxd4 Nbd5 30. Nc2 Kc7 31. Ke2 f5 32. Rc1 f4 33. e4 Nb4 34. Nd4
Nxd3 35. Rxc3+ Kd6 36. Rxd3 Ke5 37. Nf3+ Kxe4 38. Rc3 Rc8 39. Rxc8 Nxc8 40.
Ng5+ Kd4 41. Kd2 Nb6 42. Ne6+ Ke5 43. Nc5 Nd5 44. Nb7 Kd4 45. Nxa5 Kc5 46. Nc4
Kb4 47. Kc2 Nc3 48. Nb2 Ne4 49. Nd3+ Ka5 50. b4+ Kxa4 51. Nc5+ Nxc5 52. bxc5
1-0

[Event "Perth Major 2019"]
[Site "Perth SCO"]
[Date "2019.02.10"]
[Round "5"]
[White "Murray, Frankie"]
[Black "Wilson, Cameron"]
[Result "1-0"]
[WhiteElo "1729"]
[BlackElo "1302"]
[PlyCount "51"]
[EventDate "2019.02.08"]

1. c4 g6 2. e4 c5 3. d4 Bg7 4. Nf3 cxd4 5. Nxd4 Qa5+ 6. Nc3 Qb6 7. Ndb5 a6 8.
Nd5 Qc6 9. Nbc7+ Kd8 10. Nxa8 e6 11. Ndb6 Qxe4+ 12. Be2 Qxg2 13. Bf3 Qh3 14.
Bg5+ Nf6 15. Bf4 e5 16. Bg5 Re8 17. Nxc8 e4 18. Bxf6+ Bxf6 19. Bg4 Bc3+ 20.
bxc3 Qxc3+ 21. Kf1 e3 22. Rc1 Qf6 23. Qf3 e2+ 24. Kg2 Qg5 25. Nd6 Qd2 26. Nxe8
1-0

[Event "Perth Major 2019"]
[Site "Perth SCO"]
[Date "2019.02.10"]
[Round "5"]
[White "Washington, Ian"]
[Black "Ramazanov, Vagif"]
[Result "0-1"]
[WhiteElo "1434"]
[BlackElo "1308"]
[PlyCount "56"]
[EventDate "2019.02.08"]

1. e4 c5 2. Nf3 d6 3. c4 Nc6 4. h3 e6 5. Nc3 Nge7 6. d4 cxd4 7. Nxd4 Qb6 8.
Ndb5 Ng6 9. Be3 Qd8 10. c5 dxc5 11. Qxd8+ Kxd8 12. O-O-O+ Bd7 13. Nd6 Bxd6 14.
Rxd6 b6 15. Bb5 Kc7 16. Rhd1 Rhd8 17. Ba6 Nb4 18. Bb5 Nxa2+ 19. Nxa2 Bxb5 20.
Rxd8 Rxd8 21. Rxd8 Kxd8 22. Nc3 Bf1 23. g3 Bxh3 24. Nb5 Bf1 25. Nd6 f6 26. Kc2
Kd7 27. e5 Nxe5 28. Ne4 Bd3+ 0-1

[Event "Perth Major 2019"]
[Site "Perth SCO"]
[Date "2019.02.10"]
[Round "5"]
[White "Dutta, Oishani"]
[Black "Sawaryn, Steve"]
[Result "0-1"]
[WhiteElo "1247"]
[BlackElo "1422"]
[PlyCount "106"]
[EventDate "2019.02.08"]

1. e4 c5 2. Nf3 d6 3. d3 Nc6 4. c3 Nf6 5. g3 g6 6. Bg2 Bg7 7. O-O Bg4 8. Nbd2
O-O 9. Re1 e5 10. Nf1 Qc8 11. Ne3 Bd7 12. a4 Rb8 13. Nc4 Qc7 14. h3 b5 15. axb5
Rxb5 16. Qc2 Rfb8 17. Rb1 Ne7 18. Be3 Ne8 19. Bf1 Bc6 20. d4 f5 21. Ncd2 Ra5
22. dxe5 dxe5 23. Bg2 f4 24. b4 fxe3 25. bxa5 exd2 26. Nxd2 Nd6 27. c4 Rxb1 28.
Rxb1 Qxa5 29. f3 Qa3 30. Qb3 Qxb3 31. Rxb3 Bh6 32. Nb1 Nxc4 33. Rc3 Be3+ 34.
Kh2 Bb5 35. Bf1 Bd4 36. Bxc4+ Bxc4 37. Rxc4 Nc6 38. Nd2 Na5 39. Ra4 Bc3 40. Nc4
Nxc4 41. Rxc4 Bb4 42. Kg2 a5 43. Kf2 a4 44. Ke2 a3 45. Rc2 Kf7 46. Kd3 Ke6 47.
Kc4 Kd6 48. Kb5 h5 49. h4 Ke6 50. Kc6 Ke7 51. Kd5 Kf6 52. Kd6 Be1 53. Rxc5 Bb4
0-1